| 000 | 00348nmm a2200145 a 4500 | ||
|---|---|---|---|
| 003 | AR-BaBNM | ||
| 005 | 20251128203103.0 | ||
| 008 | 303119s[18- ||||||||||||||000 | spa|| | ||
| 040 | _cAR-BaBNM | ||
| 100 | 1 | _aFrance, Anatole | |
| 245 | 1 | 0 | _aLa rotisserie reine pedauque |
| 260 |
_a[S.l.] _bCalmann-Lévy _c[18--] |
||
| 942 | _cBK | ||
| 998 | _cJacobzon | ||
| 999 |
_c1820 _d1820 |
||